Quizzes
Events
Quiz Creation
Community
Videos
Private Events
Remove Ads
Sign In
Join for FREE
Feedback
Dark Mode
Quiz Categories
Sports
Geography
Music
Movies
Television
Just For Fun
Miscellaneous
History
Literature
Language
Science
Gaming
Entertainment
Religion
Holiday
For Kids
Quiz Lab
Recent
Popular Today
Quiz Kudos Today
Editor Picks
Curator Picks
Quizzes by...
Day
Popularity
Type
Ratings
Length
Year
Community
Subscriptions
Recent Discussions
Orange Saloon
Badges
Playlists
Quests
Create
Leaderboards
Showdown
Live 5
Trivia Bingo
Activity
Puzzle Library
Sporcle Events
Private Events
Virtual Trivia
Globe League
Become a Host
Pub Owners
SporcleCon
Opinionation
Our Games
Videos
Blog
Mobile Apps
Partnerships
Remove Ads and Go Orange
Feedback
Sports
Athletes
MLB
NBA
NHL
NFL
Soccer
Sports Teams
WWE
NCAA
Football
Premier League
Basketball
Baseball
Hockey
Golf
Tennis
Cricket
Rugby
Auto Racing
Olympics
World Cup
Sports
Athletes
MLB
NBA
NHL
NFL
Soccer
Sports Teams
WWE
NCAA
Football
Premier League
Basketball
Baseball
Hockey
Golf
Tennis
Cricket
Rugby
Auto Racing
Olympics
World Cup
Random Quiz
Search Sporcle
×
Quiz Lab
Quiz Lab
Sports
Tennis
Type in answers that appear in a list
Type in answers that appear in a list
Classic
Best Score? Go Orange.
Men's Singles Tennis Rankings (October 2014) Stats
Can you name the Men's Tennis Top 50 (October 2014)
By
Geography376
11m
50 Questions
126 Plays
126 Plays
126 Plays
Comments
Comments
Give Quiz Kudos
Give Quiz Kudos
-
- Ratings
hide this ad
Replay
Link that replays current quiz
Next Quiz
Link to next quiz in quiz playlist
You Got
0%
They Got
Avg Score
70%
Avg Friend Score
Upgrade to see
Score Distribution
Jump to the score distribution portion of the page
Score
0/50
Timer
11:00
0
Plays Today
Nation
Player
% Correct
Serbia
Novak Djokovic
98.4%
Switzerland
Roger Federer
98.4%
Spain
Rafael Nadal
98.4%
Switzerland
Stan Wawrinka
95.2%
Great Britain
Andy Murray
95.2%
France
Jo Wilfried Tsonga
95.2%
Spain
David Ferrer
94.4%
Czech Republic
Tomas Berdych
92.1%
Canada
Milos Raonic
92.1%
Japan
Kei Nishikori
91.3%
Croatia
Marin Cilic
91.3%
USA
John Isner
91.3%
Bulgaria
Grigor Dimitrov
89.7%
South Africa
Kevin Anderson
86.5%
France
Gael Monfils
85.7%
Latvia
Ernests Gulbis
84.1%
Spain
Feliciano Lopez
83.3%
France
Richard Gasquet
82.5%
France
Gilles Simon
81.7%
Spain
Tommy Robredo
78.6%
Italy
Fabio Fognini
77.8%
Ukraine
Alexandr Dolgopolov
77.8%
Spain
Fernando Verdasco
77.8%
USA
Sam Querrey
75.4%
Spain
Roberto Bautista Agut
73.8%
Nation
Player
% Correct
Belgium
David Goffin
73%
Germany
Philipp Kohlschreiber
71.4%
Russia
Mikhail Youzhny
70.6%
Australia
Lleyton Hewitt
69%
Luxembourg
Gilles Muller
67.5%
Poland
Jerzy Janowicz
65.9%
Taiwan
Yen Hsun Lu
64.3%
Croatia
Ivo Karlovic
61.9%
Argentina
Leonardo Mayer
59.5%
France
Julien Benneteau
58.7%
Uruguay
Pablo Cuevas
54%
Austria
Dominic Thiem
54%
Brazil
Tomaz Bellucci
54%
USA
Jack Sock
53.2%
France
Jeremy Chardy
51.6%
Spain
Guillermo Garcia Lopez
47.6%
Czech Republic
Lukas Rosol
46%
Colombia
Santiago Giraldo
46%
Slovakia
Martin Klizan
43.7%
Spain
Marcel Granollers
43.7%
USA
Steve Johnson
38.9%
Germany
Benjamin Becker
37.3%
Spain
Pablo Andujar
30.2%
Spain
Pablo Carreno Busta
28.6%
Germany
Jan Lennard Struff
23.8%
Quiz Playlist
Details
Report
Send in Message
Add To Playlist
Classic:
Type in answers that appear in a list
Last Updated: Feb 16, 2017
Quiz Scoreboard
CHALLENGE
Sign Up to Join the Scoreboard
Show All
Scores
Hide
Comments
May contain spoilers
Recently Published
Billboard Blitz: Fleetwood Mac
by CooCooCachoo
Music
15s
Presidents Visiting Landmarks
by Hejman
History
7m
An Introduction to Baseball
by treessimontrees
Sports
5m
More to Explore
Quiz From the Vault
Featured Blog Post
Where Did the Easter Bunny Come From?
hide this ad
You Might Also Like...
Tags
Nation Quiz
Tennis Quiz
2014
Banking
men
Men's Tennis
October
Player
Single
Top 50
Today's Top Quizzes in Sports
Browse Sports
hide this ad
Today's Top Quizzes in Tennis
Browse Tennis
Top Contributed Quizzes in Sports
1
Les meilleurs buteurs des matchs entre le PSG et l’OM
2
2022 World Cup Stars
3
FIFA Club World Cup Champions
4
Les entraîneurs de l'OM et du PSG au 21e siècle
5
Criteria MLB: Left Handed Sluggers
6
Name the Premier League winners with different clubs
7
5-to-1: UK Sports Teams
8
AFC Teams Reveal (Wrong Answers Minefield)
9
Players with Multiple 50 Home Run Seasons
10
5-to-1: FBS Animal Nicknames
Explore More
Trending Topics
Anime
Harry Potter
NBA
Marvel
Kpop
Disney
Crossword
Puzzle
Pokémon
Country
Soccer
Song
WWE
NFL
The Office
hide this ad
More By:
Geography376
Quiz
Plays
Rating
Category
Featured
Created
French Overseas Territories and Departments
2,153
2.80
Geography
Sep 20, 2014
World Geography Quiz
485
2.75
Geography
Sep 20, 2014
UK Overseas Territories
350
3.22
Geography
Sep 20, 2014
Largest 80 cities in the world by population
182
1.83
Geography
Sep 21, 2014
Countries' largest cities that aren't their capitals
145
4.60
Geography
Sep 22, 2014
Go to Creator's Profile
Score Distribution
Quiz Creator Spotlight
Geography376
Follow
Send a Message
Quizzes Created
-
Created Quiz Play Count
-
More By This Creator
Popular Quizzes Today
1
Find the US States - No Outlines Minefield
2
Find the Countries of Europe - No Outlines Minefield
3
The Countries of the World
4
Find the US States
5
US States
6
Popular People in 1961
7
Risky Map Clicking: Biggest States A-Z
8
Movies - When Are They Set?
More Sports Quizzes
WWE Championship at Survivor Series
Quiz Lab
Trending Quizzes
Risky Map Clicking: Least Populous States A-Z
1-10 Letter G Words
1-10 Letter F Words
Risky Map Clicking: Next State Alphabetically
Risky Map Clicking: Biggest States A-Z
Recently Updated
Leaping Animals
pecheneg
Reality TV Shows (A-Z)
bhenderson79
Rickey Henderson's Hall of Fame Teammates
pecheneg
Champions League XIs: Arsenal
pecheneg
Quick Pick: Celebrities in WWE's Hall of Fame
aduchscher
A-Z Keypad Blitz II
pecheneg
Multiple Oscar Actors
pecheneg
Mystery Phrase Blitz: Oscar 'Best Actors'
pecheneg
F. Scott Fitzgerald Novels
LTH
Pick 3 Villains
ddd62291
Trending Topics
Harry Potter
Crossword
Anime
Marvel
NBA
Disney
Kpop
Pokémon
NFL
The Office
WWE
Puzzle
Country
Song
Soccer
Your Account Isn't Verified!
In order to create a playlist on Sporcle, you need to verify the email address you used during registration. Go to your
Sporcle Settings
to finish the process.
Report this User
Report this user for behavior that violates our
Community Guidelines
.
Details:
Send Report
Go to the Sporcle.com Mobile Site →
Comments